• 首页
  • 本馆介绍
  • 公告通知
  • 最新文献
  • 馆藏检索
  • 电子资源
  • 读者荐购
  • 参考咨询
  • CALIS
  • 我的图书馆
  • 登录
  • 详细信息显示
  • 放入我的书架
  • 预约/预借图书
  • 作者相关作品
  • 分类相关作品
  • 丛书相关作品
  • 出版社相关作品

书目信息

  • 表格格式
  • 工作单格式
  • 卡片格式
题名:
社会工作实习与督导
    
 
作者: 赵芳 , (芬)尤哈·哈马莱宁 主编
分册:  
出版信息: 北京   社会科学文献出版社  2021.08
页数: 279页
开本: 20cm
丛书名: 社会转型与社会治理论丛
单 册:
中图分类: C916.2
科图分类:
主题词: 社会工作 , 社会管理 , 社会规划
电子资源:
ISBN: 978-7-5201-8792-3
 
 
 
 
 
000 01370nam0 2200289 450
001 2531379966
005 20251211084503.49
010    @a978-7-5201-8792-3@dCNY69.00
100    @a20251211d2021 km y0chiy0120 ea
101 0  @achi
102    @aCN@b110000
200 1  @a社会工作实习与督导@AShe Hui Gong Zuo Shi Xi Yu Du Dao@e理论与实务@f赵芳, (芬) 尤哈·哈马莱宁主编@FZhao Fang,(Fen)You Ha·Ha Ma Lai Ning Zhu Bian
210    @a北京@c社会科学文献出版社@d2021.08
215    @a279页@d20cm
225 2  @a社会转型与社会治理论丛
330    @a责任者规范汉译名 : Hamalainen海迈莱伊宁。 赵芳, 博士, 复旦大学社会发展与公共政策学院社会工作学系主任, 教授, 博士生导师 ; 主要研究方向为社会工作伦理、家庭社会工作、健康社会工作、儿童保护。 [ 芬 ] 尤哈·哈马莱宁 ( Juha Hamalainen ) , 博士, 东芬兰大学社会科学系Dr. h. c. 教授, 担任社会科学系主任20余年 ; 主要研究方向为社会福利思想史、社会教育学、社会工作、父母教养、儿童福利政策。
410  0 @12001 @a社会转型与社会治理论丛
510 1  @a= Field practicum and supervision in social work : theory and practice
517 1  @a理论与实务@ALi Lun Yu Shi Wu
606 0  @a社会工作
606 0  @a社会管理
606 0  @a社会规划
690    @aC916.2@v4
701  0 @a赵芳@AZhao Fang@4主编
701  0 @a(芬)尤哈·哈马莱宁@A(Fen)You Ha·Ha Ma Lai Ning@4主编
801  0 @aCN@b河南城建学院图书馆@c20251211
905    @dC916.2@eZ302
    
    社会工作实习与督导:理论与实务/赵芳, (芬) 尤哈·哈马莱宁主编.-北京:社会科学文献出版社,2021.08
    279页;20cm.-(社会转型与社会治理论丛)
    
    
    ISBN 978-7-5201-8792-3:CNY69.00
    责任者规范汉译名 : Hamalainen海迈莱伊宁。 赵芳, 博士, 复旦大学社会发展与公共政策学院社会工作学系主任, 教授, 博士生导师 ; 主要研究方向为社会工作伦理、家庭社会工作、健康社会工作、儿童保护。 [ 芬 ] 尤哈·哈马莱宁 ( Juha Hamalainen ) , 博士, 东芬兰大学社会科学系Dr. h. c. 教授, 担任社会科学系主任20余年 ; 主要研究方向为社会福利思想史、社会教育学、社会工作、父母教养、儿童福利政策。
●
相关链接 在E读中查询图书 在当当中查询图书 在豆瓣中查询图书


正题名:社会工作实习与督导     索取号:C916.2/Z302         预约/预借

序号 登录号 条形码 馆藏地/架位号 状态 备注
1 1556684   215566849   马克思主义学院资料室/ [索取号:C916.2/Z302] 在馆    
河南城建学院图书馆 欢迎您!
大连网信软件有限公司© 版权所有